Základní charakteristiky pojištění technických rizik

Technické poistenie. Charakteristika a práca medzinárodnej spoločnosti IMIA. Klasifikácia skupín technického poistenia v rámci realizovanej štúdie. Príklady škôd z oblasti CAR a EAR.

Enregistré dans:
Détails bibliographiques
Auteur principal: Janata, Jiří
Format: Chapitre de livre
Langue:tchèque
Sujets:
Tags: Ajouter un tag
Pas de tags, Soyez le premier à ajouter un tag!

MARC

LEADER 00000naa$a2200000$$$4500
001 0056118
005 20230927103137.0
041 0 |a cze 
044 |a CZ 
245 1 0 |a Základní charakteristiky pojištění technických rizik  |c Jiří Janata 
520 |a Technické poistenie. Charakteristika a práca medzinárodnej spoločnosti IMIA. Klasifikácia skupín technického poistenia v rámci realizovanej štúdie. Príklady škôd z oblasti CAR a EAR. 
610 2 0 |a poistenie 
610 2 0 |a riziko 
610 2 0 |a štúdie 
610 2 0 |a stavby 
610 2 0 |a montáže 
610 2 0 |a zisk 
610 2 0 |a škody 
100 1 |a Janata, Jiří